Normal view
MARC view
Entry Topical Term
001 - CONTROL NUMBER
- control field: 156360
003 - CONTROL NUMBER IDENTIFIER
- control field: OSt
005 - DATE AND TIME OF LATEST TRANSACTION
- control field: 20220923210931.0
008 - FIXED-LENGTH DATA ELEMENTS
- fixed length control field: 220923|| aca||aabn | a|a d
040 ## - CATALOGING SOURCE
- Original cataloging agency: OSt
- Transcribing agency: OSt
150 ## - HEADING--TOPICAL TERM
- Topical term or geographic name entry element: साहित्यिक अनुसंधान
670 ## - SOURCE DATA FOUND
- Source citation: Work cat.: (OSt)293035: जैन, रवीन्द्र कुमार, ले. 156359, साहित्यिक अनुसंधान के आयाम, 2008
